000 00880na a2200313 4500
999 _c13461
_d13461
001 16551
003 MIRAKIL
005 20190806100838.0
008 161014b tu 000 0
020 _a9756448431
035 _a16551
040 _aTR-AnCHP
_btur
_cTR-AnCHP
041 _atur
082 _a327.09561
_bY44a 2007
090 _a327.09561 Y44a 2007
100 _aYıldırım, Mustafa
245 _aSivil örümceğin ağında :
_bproject democracy/
_cMustafa Yıldırım.
246 _aProject democracy
250 _a17. bs.
260 _aAnkara:
_bUlus Dağı yayınları,
_c2007.
300 _a659 s.:
_c21 sm.
490 _aAraştırma ve İnceleme;
_v1.
504 _aKaynakça ve dizin var.
651 _aTürkiye
_xDış politika
_zABD
651 _aTürkiye
_xUluslararası ilişkiler
942 _2ddc
_cBKS
999 _d13461
999 _d321